| 000 -LEADER |
| fixed length control field |
00873nam a22001577a 4500 |
| 005 - DATE AND TIME OF LATEST TRANSACTION |
| control field |
20231225143917.0 |
| 008 - FIXED-LENGTH DATA ELEMENTS--GENERAL INFORMATION |
| fixed length control field |
231225s1962 ru ||||| |||| 00| 0 rus d |
| 041 ## - LANGUAGE CODE |
| Language code of text/sound track or separate title |
rus |
| 080 ## - UNIVERSAL DECIMAL CLASSIFICATION NUMBER |
| Universal Decimal Classification number |
902.6 A-38 |
| 245 ## - TITLE STATEMENT |
| Title |
Археологические экспедиции Государственной академии истории материальной культуры и Института археологии Академии наук СССР 1919-1956 гг. : |
| Remainder of title |
Указатель / |
| Statement of responsibility, etc. |
Академия наук СССР, Институт археологии. |
| 264 ## - PRODUCTION, PUBLICATION, DISTRIBUTION, MANUFACTURE, AND COPYRIGHT NOTICE |
| Place of production, publication, distribution, manufacture |
Москва : |
| Name of producer, publisher, distributor, manufacturer |
Издательство Академии наук СССР, |
| Date of production, publication, distribution, manufacture, or copyright notice |
1962. |
| 300 ## - PHYSICAL DESCRIPTION |
| Extent |
264 с. ; |
| Other physical details |
20 см |
| 653 ## - INDEX TERM--UNCONTROLLED |
| keyword |
არქეოლოგია |
| 710 ## - ADDED ENTRY--CORPORATE NAME |
| Corporate name or jurisdiction name as entry element |
Академия наук СССР. |
| Date of meeting or treaty signing |
Институт археологии. |
| 9 (RLIN) |
20872 |
| 942 ## - ADDED ENTRY ELEMENTS (KOHA) |
| Source of classification or shelving scheme |
|
| Koha item type |
წიგნი |